|
|
|
|
| LEADER |
01636nam a22003371a 4500 |
| 001 |
000698956 |
| 003 |
CZ BrMZK |
| 005 |
20141222073049.0 |
| 007 |
ta |
| 008 |
031204s1956 xr af f cze d |
| 015 |
|
|
|a cnb000724370
|
| 020 |
|
|
|q (Váz.) :
|c Kčs 31,10
|
| 035 |
|
|
|a (OCoLC)85455342
|
| 040 |
|
|
|a ABA001
|b cze
|c KLG001
|d ABA001
|d BOA001
|
| 100 |
1 |
|
|a Hejtman, Bohuslav,
|d 1911-2000
|7 jk01040598
|4 aut
|
| 245 |
1 |
0 |
|a Všeobecná petrografie vyvřelých hornin :
|b celostátní vysokoškolská učebnice /
|c Bohuslav Hejtman
|
| 250 |
|
|
|a 1. vyd.
|
| 260 |
|
|
|a Praha :
|b Československá akademie věd,
|c 1956
|
| 300 |
|
|
|a 371 s., obr. příl. :
|b il. ;
|c 8°
|
| 490 |
1 |
|
|a Práce Československé akademie věd. Sekce geologicko-geografická
|
| 500 |
|
|
|a 13300 výt.
|
| 504 |
|
|
|a Obsahuje bibliografii a rejstříky
|
| 500 |
|
|
|a Dostupné též v digitální podobě v aplikaci Kramerius
|
| 810 |
2 |
|
|a Československá akademie věd.
|t Práce.
|p Sekce geologicko-geografická
|0 s
|
| 856 |
4 |
1 |
|u http://www.digitalniknihovna.cz/mzk/uuid/uuid:ce17fff0-fc51-11e8-bc37-005056827e51
|y Digitalizovaný dokument
|x NDK
|
| 910 |
|
|
|a BOA001
|b PK-0014.834
|b 2-0368.823
|
| 990 |
|
|
|a BK
|
| 996 |
6 |
|
|b 2619850868
|c 2-0368.823
|l MZK
|r Sklad / do 24 hodin
|n 2
|w 000698956
|u 000030
|a 1
|e BOA001
|j MZK50
|s P
|
| 996 |
7 |
|
|b 2619850869
|c 2-0368.823
|l MZK
|r Sklad / do 24 hodin
|n 4
|p příloha chybí
|w 000698956
|u 000040
|a 1
|e BOA001
|j MZK50
|s A
|
| 996 |
7 |
|
|b 2619999035
|c 2-0368.823
|l MZK
|r Sklad / do 24 hodin
|n 4
|p příloha chybí
|w 000698956
|u 000020
|a 1
|e BOA001
|j MZK50
|s A
|
| 996 |
7 |
|
|b 3119638492
|c PK-0014.834
|l MZK
|r Sklad / do 1 hodiny
|n 2
|w 000698956
|u 000010
|a 1
|e BOA001
|j MZK50
|s A
|